[Event "22nd HIT Open 2017"]
[Site "masterchessopen.com Nova Gorica SLO"]
[Date "2017.01.31"]
[Round "7.13"]
[White "Pirs,M2"]
[Black "Sekulic,D"]
[Result "0-1"]
[WhiteElo "2024"]
[BlackElo "2218"]

1. e4 e5 2. Nf3 Nc6 3. Nc3 Nf6 4. d4 exd4 5. Nxd4 Bb4 6. Nxc6 bxc6 7. Bd3 O-O
8. O-O d5 9. exd5 cxd5 10. h3 c6 11. Qf3 Rb8 12. Bf4 Bd6 13. b3 Rb4 14. Bxd6
Qxd6 15. Rfe1 g6 16. Ne2 Nh5 17. c4 d4 18. g4 Ng7 19. c5 Qxc5 20. Rac1 Qg5 21.
Qxc6 h5 22. Qc5 Qxc5 23. Rxc5 hxg4 24. hxg4 Bxg4 25. Ra5 Ne6 26. Bc4 Rd8 27.
Nc1 Rxc4 28. bxc4 d3 29. Nxd3 Rxd3 30. Rxa7 Rh3 31. f4 Nxf4 32. a4 Be6 33. c5
Rc3 34. a5 Rxc5 35. Ra8+ Kg7 36. Ra1 Rc2 37. Ra4 Ne2+ 38. Kf1 Ng3+ {#R} 0-1

[Event "PRO League Central 2017"]
[Site "masterchessopen.com chess.com INT"]
[Date "2017.02.01"]
[Round "4"]
[White "Beerdsen,Thomas"]
[Black "Li,Henry"]
[Result "1-0"]
[WhiteElo "2413"]
[BlackElo "2247"]

1. e4 e5 2. Nf3 Nc6 3. Nc3 Nf6 4. h3 d5 5. exd5 Nxd5 6. Bb5 Nxc3 7. bxc3 Bd6
8. O-O O-O 9. d4 e4 10. Ng5 Bf5 11. Re1 Re8 12. Bc4 Bg6 13. h4 h6 14. h5 Bf5
15. Nxf7 Qf6 16. Nxd6+ Kh8 17. Nxe8 Rxe8 18. Bf4 Be6 19. Rxe4 {#r} 1-0

[Event "PRO League Eastern 2017"]
[Site "masterchessopen.com chess.com INT"]
[Date "2017.02.01"]
[Round "4"]
[White "Klein,Da"]
[Black "Anwesh,U"]
[Result "1-0"]
[WhiteElo "2509"]
[BlackElo "2384"]

1. e4 e5 2. Nf3 Nc6 3. Nc3 Nf6 4. d4 exd4 5. Nxd4 Bb4 6. Nxc6 bxc6 7. Bd3 d5
8. exd5 cxd5 9. O-O O-O 10. h3 c6 11. Qf3 Bd6 12. Bf4 Rb8 13. b3 Rb4 14. Bxd6
Qxd6 15. Qg3 Qxg3 16. fxg3 Re8 17. Rae1 Kf8 18. g4 h6 19. Na4 Be6 20. Nc5 Ke7
21. Na6 Rb7 22. Nc5 Rbb8 23. Nxe6 fxe6 24. Bg6 Red8 25. Rf4 Rd6 26. Ra4 Rb7
27. c4 Nd7 28. Ra5 e5 29. Bf5 e4 30. Rd1 Nf6 31. h4 g6 32. Bc8 Rc7 33. g5 hxg5
34. hxg5 Nh7 35. Bg4 Nxg5 36. cxd5 cxd5 37. Raxd5 Rxd5 38. Rxd5 Rc1+ 39. Kh2
Kf6 40. Kg3 e3 41. Kf4 Rg1 42. Rd6+ Ke7 43. Rxg6 e2 44. Bxe2 Ne6+ 45. Ke3 Ra1
46. Bc4 Nc5 47. Rg7+ {#r} 1-0

[Event "PRO League Eastern 2017"]
[Site "masterchessopen.com chess.com INT"]
[Date "2017.02.01"]
[Round "4"]
[White "Samolins,V"]
[Black "Sai,KG"]
[Result "0-1"]
[WhiteElo "2402"]
[BlackElo "2339"]

1. e4 e5 2. Nf3 Nc6 3. Nc3 Nf6 4. g3 d5 5. exd5 Nxd5 6. Bg2 Nxc3 7. bxc3 Bd6
8. O-O O-O 9. d3 Re8 10. Re1 f6 11. Rb1 Rb8 12. Ng5 Ne7 13. Ne4 b6 14. c4 Bb7
15. Qh5 Bxe4 16. Bxe4 g6 17. Qh4 f5 18. Bg2 Qd7 19. Bg5 c6 20. Bf6 Qe6 21. Re2
Rf8 22. Bxe5 Bxe5 23. Rbe1 g5 24. Qxg5+ Qg6 25. Qxe7 Rbe8 26. Qd7 Rd8 27. Qxc6
Bd4 28. Bd5+ Kh8 29. Qxg6 hxg6 30. Re6 Bf6 31. Rc6 Kg7 32. Rc7+ Kh6 33. Rxa7
Rde8 34. Rxe8 Rxe8 35. Kf1 Bc3 36. h4 Re1+ 37. Kg2 Bd4 38. Bg8 g5 39. hxg5+
Kxg5 40. Kf3 Rf1 41. Ke2 Rxf2+ 42. Kd1 Kg4 43. Rd7 Bc3 44. Bd5 Kxg3 45. Rd6
Rf1+ 46. Ke2 Re1# 0-1

[Event "Gibraltar Masters 2017"]
[Site "masterchessopen.com Caleta ENG"]
[Date "2017.02.01"]
[Round "9.50"]
[White "Vuilleumier,A"]
[Black "Kantor,G"]
[Result "0-1"]
[WhiteElo "2347"]
[BlackElo "2448"]

1. e4 e5 2. Nf3 Nc6 3. Nc3 Nf6 4. Bb5 Bc5 5. Nxe5 Nxe5 6. d4 Bd6 7. f4 Neg4 8.
e5 Bb4 9. O-O O-O 10. Qf3 c6 11. Bd3 Re8 12. Ne2 d6 13. exf6 Nxf6 14. f5 d5
15. c3 Bd6 16. Bg5 h6 17. Bh4 Bc7 18. g4 Qd6 19. Bg3 Qe7 20. Bxc7 Qxc7 21. Ng3
c5 22. h4 cxd4 23. cxd4 Qb6 24. Qf4 Ne4 25. Bxe4 Qxd4+ 26. Rf2 dxe4 27. g5 Qe5
28. Qe3 h5 29. Rd1 b6 30. g6 fxg6 31. Qb3+ Kh8 32. Rd5 Qe7 33. fxg6 Bg4 34.
Rf7 Qe6 35. Nxh5 Bf3 36. Rg5 Qh3 37. Rxg7 Qh1+ 38. Kf2 e3+ 39. Qxe3 Qxh4+ 40.
Kf1 Qh3+ 41. Kf2 Qh2+ 42. Kf1 Be2+ 43. Ke1 Qh4+ 44. Kd2 Rad8+ 45. Kc2 Qc4+ 46.
Qc3 Qe4+ {#R} 0-1

[Event "Turkish Cup 2017"]
[Site "masterchessopen.com Antalya TUR"]
[Date "2017.01.30"]
[Round "4.7"]
[White "Kesgin,Halit Kaan"]
[Black "Koksal,E"]
[Result "0-1"]
[WhiteElo "2127"]
[BlackElo "2344"]

1. e4 e5 2. Nf3 Nc6 3. Nc3 Nf6 4. Bb5 Nd4 5. Ba4 Nxf3+ 6. Qxf3 Bc5 7. d3 O-O
8. h3 c6 9. Bb3 a5 10. a3 d6 11. O-O Be6 12. Ba2 b5 13. Ne2 b4 14. c3 d5 15.
exd5 cxd5 16. d4 e4 17. Qe3 Bd6 18. f3 bxa3 19. bxa3 Bf5 20. fxe4 Bxe4 21. Ng3
Bg6 22. Nf5 Rc8 23. Qf3 Ne4 24. Bxd5 Nxc3 25. Kh1 Bxf5 26. Qxf5 Ne2 27. Qg4
Ng3+ 28. Kg1 Nxf1 29. Bh6 Qf6 30. Bg5 Nh2 31. Qh4 Qg6 32. Be4 f5 33. Bd5+ Kh8
34. Bf4 Ng4 {#R} 0-1

[Event "Turkish Cup 2017"]
[Site "masterchessopen.com Antalya TUR"]
[Date "2017.01.31"]
[Round "6.2"]
[White "Eminov,O"]
[Black "Sanal,V"]
[Result "0-1"]
[WhiteElo "2203"]
[BlackElo "2475"]

1. e4 e5 2. Nf3 Nc6 3. Nc3 Nf6 4. Bb5 Bd6 5. O-O O-O 6. a3 Re8 7. d3 h6 8. Bc4
a6 9. Nh4 Nd4 10. Be3 Bc5 11. f4 d5 12. Nxd5 Nxd5 13. Bxd5 Qxh4 14. fxe5 Bg4
15. Bxf7+ Kh7 16. Qd2 Ne2+ 17. Kh1 Ng3+ 18. Kg1 Nxf1 19. Rxf1 Bxe3+ 20. Qxe3
Rxe5 21. h3 Be6 22. Qd4 Qg5 23. h4 c5 24. Qd6 Qe3+ 25. Kh1 Qd4 26. Qc7 Bxf7
{#R} 0-1

[Event "Turkish Cup 2017"]
[Site "masterchessopen.com Antalya TUR"]
[Date "2017.02.03"]
[Round "10.1"]
[White "Yurtseven,M"]
[Black "Sanal,V"]
[Result "0-1"]
[WhiteElo "2324"]
[BlackElo "2475"]

1. e4 e5 2. Nf3 Nc6 3. Nc3 Nf6 4. Bb5 Nd4 5. Ba4 Bc5 6. d3 O-O 7. Bg5 h6 8.
Bh4 c6 9. h3 d6 10. Nxd4 Bxd4 11. Bb3 Be6 12. Qf3 g5 13. Bg3 a5 14. Nd1 a4 15.
Bxe6 fxe6 16. c3 Ba7 17. Qe2 b5 18. a3 Bb6 19. h4 Kg7 20. Ne3 Qe8 21. hxg5
hxg5 22. Ng4 Nh5 23. O-O-O Rh8 24. d4 Nxg3 25. fxg3 exd4 26. e5 d5 27. Nf6 Qg6
28. Nh5+ Kf7 29. Qg4 Ke7 30. Nf4 Qf7 31. Qxg5+ Kd7 32. Rhf1 Qg8 33. Nxe6 Qxg5+
34. Nxg5 dxc3 35. e6+ Ke8 36. Kb1 Rg8 37. Nh7 Ke7 38. Rde1 Rg7 39. Rf7+ Rxf7
40. exf7+ Kxf7 41. Ng5+ Kf6 42. Nf3 cxb2 43. Kxb2 Rg8 44. Rh1 Be3 45. Rh3 c5
46. Rh5 Rxg3 47. Rxd5 Rxg2+ 48. Kb1 Rg3 {#R} 0-1

[Event "PRO League Atlantic 2017"]
[Site "masterchessopen.com chess.com INT"]
[Date "2017.02.01"]
[Round "4"]
[White "Moradiabadi,E"]
[Black "Villanueva,Mar"]
[Result "0-1"]
[WhiteElo "2574"]
[BlackElo "2425"]

1. e4 e5 2. Nf3 Nf6 3. Nc3 Nc6 4. Bb5 Nd4 5. Bc4 Bc5 6. d3 d6 7. h3 O-O 8. Bg5
c6 9. O-O b5 10. Bb3 a5 11. a4 Nxb3 12. cxb3 b4 13. Ne2 h6 14. Bh4 Re8 15. Rc1
Qe7 16. Qd2 Qe6 17. Ng3 Nh7 18. Nf5 Qg6 19. g4 h5 20. Kh2 hxg4 21. hxg4 Nf6
22. Rg1 Nxg4+ 23. Rxg4 Qxg4 24. Nh6+ gxh6 25. Rg1 Kh7 26. Rxg4 Bxg4 27. Ng1
Re6 28. Ne2 Rg8 29. Bg3 h5 30. d4 exd4 31. Nxd4 h4 32. Bf4 Rxe4 33. Nxc6 Bf3
34. Qd3 Rg2+ 35. Kh3 Rxf2 36. Kxh4 Bh1 37. Kg5 Rfxf4 38. Ne7 f6+ {#R} 0-1

[Event "37th TCh-IND 2017"]
[Site "masterchessopen.com Bhopal IND"]
[Date "2017.02.03"]
[Round "3.4"]
[White "Jayakumar,P"]
[Black "Laxman,R"]
[Result "0-1"]
[WhiteElo "2006"]
[BlackElo "2409"]

1. e4 e5 2. Nf3 Nc6 3. Nc3 Nf6 4. Bb5 Bd6 5. d4 exd4 6. Nxd4 O-O 7. O-O Re8 8.
Nf5 Be5 9. Bg5 Bxc3 10. bxc3 d6 11. Bxc6 bxc6 12. Qf3 Bxf5 13. Qxf5 Qd7 14.
Bxf6 Qxf5 15. exf5 gxf6 16. Rfe1 Rxe1+ 17. Rxe1 Rb8 18. g4 Kf8 19. Re4 Rb5 20.
Ra4 a5 21. Kg2 Rc5 22. c4 h5 23. f3 Kg7 24. Kg3 Re5 25. Kf2 hxg4 26. fxg4 Re4
27. Kf3 d5 28. h4 c5 29. Kg3 c6 30. Kf3 Kf8 31. Kg3 Re3+ 32. Kf4 Rc3 33. cxd5
cxd5 34. Rxa5 Rc4+ 35. Kg3 Rxc2 36. g5 fxg5 37. hxg5 d4 38. Kf4 d3 39. Ra7 c4
40. Ke5 Re2+ 41. Kf6 Ke8 42. g6 fxg6 43. fxg6 d2 44. g7 Rg2 45. Ke6 d1=Q {#R}
0-1

[Event "Gibraltar Masters 2017"]
[Site "masterchessopen.com Caleta ENG"]
[Date "2017.02.01"]
[Round "9.32"]
[White "Arakhamia-Grant,K"]
[Black "Muzychuk,M"]
[Result "0-1"]
[WhiteElo "2370"]
[BlackElo "2546"]

1. e4 e5 2. Nf3 Nc6 3. Bc4 Bc5 4. O-O Nf6 5. d3 O-O 6. h3 d6 7. a4 a5 8. Nc3
Be6 9. Bg5 h6 10. Bh4 Nd4 11. Nxd4 Bxd4 12. Nb5 Bb6 13. Na3 Bc5 14. Qe2 g5 15.
Bg3 Kg7 16. c3 Qd7 17. Nc2 Bxc4 18. dxc4 Qe6 19. b3 Kg6 20. Rad1 h5 21. h4 Qg4
22. Qxg4 hxg4 23. b4 Ba7 24. Rfe1 Nxe4 25. Rxe4 f5 26. Re2 f4 27. Rd3 fxg3 28.
Rxg3 Rf4 29. hxg5 Rxc4 30. Rd3 axb4 31. Nxb4 Kxg5 32. g3 Bc5 33. Nd5 Rcxa4 34.
Kg2 Ra1 35. Red2 e4 36. Re3 Rh8 37. Rxe4 Rah1 {#R} 0-1

[Event "PRO League Atlantic 2017"]
[Site "masterchessopen.com chess.com INT"]
[Date "2017.02.01"]
[Round "4"]
[White "Vazquez,Guillermo"]
[Black "Hess,Ro"]
[Result "0-1"]
[WhiteElo "2437"]
[BlackElo "2571"]

1. e4 e5 2. Nf3 Nc6 3. Bc4 Bc5 4. O-O Nf6 5. d3 d6 6. c3 a6 7. a4 Ba7 8. Na3
h6 9. Nc2 Ne7 10. Re1 Ng6 11. a5 O-O 12. Be3 c6 13. Ba2 Bb8 14. Bb6 Qe8 15.
Ne3 Nd7 16. Nc4 Qe7 17. d4 Nxb6 18. Nxb6 Ra7 19. Qd2 Bg4 20. Qe3 Bc7 21. h3
Bxf3 22. Qxf3 Bxb6 23. axb6 Raa8 24. Rad1 a5 25. Qf5 Kh8 26. Rd2 Ra6 27. g3
Rxb6 28. h4 exd4 29. cxd4 Rb5 30. Qf3 d5 31. h5 Qg5 32. Rde2 dxe4 33. Qxe4
Qxh5 34. Kg2 Rg5 35. Re3 Rg4 36. Qc2 Nf4+ {#R} 0-1

[Event "PRO League Central 2017"]
[Site "masterchessopen.com chess.com INT"]
[Date "2017.02.01"]
[Round "4"]
[White "Zwirs,Nico"]
[Black "Li,Henry"]
[Result "1-0"]
[WhiteElo "2395"]
[BlackElo "2247"]

1. e4 e5 2. Nf3 Nc6 3. Bc4 Nf6 4. d3 Bc5 5. c3 a6 6. Nbd2 Ba7 7. Bb3 O-O 8. h3
d6 9. Nf1 d5 10. Qe2 Be6 11. Bg5 dxe4 12. dxe4 Bxb3 13. axb3 Qe7 14. Ng3 Qe6
15. O-O Ne7 16. Qc4 Ng6 17. Qxe6 fxe6 18. Rfd1 Rad8 19. b4 h6 20. Rxd8 Rxd8
21. Bxf6 gxf6 22. Nh5 Kf7 23. b5 Rd6 24. bxa6 Rxa6 25. Rxa6 bxa6 26. Kf1 f5
27. Ke2 fxe4 28. Nd2 Nf4+ 29. Nxf4 exf4 30. Nxe4 Kg6 31. f3 Kf5 32. Kd3 Ke5
33. Kc4 Bb6 34. Nc5 a5 35. Nd7+ Kd6 36. Nxb6 cxb6 37. Kb5 Kc7 38. c4 Kb7 39.
b3 Kc7 40. c5 bxc5 41. Kxc5 Kb7 42. Kb5 e5 43. Kxa5 Kc6 44. b4 {#r} 1-0

[Event "PRO League Central 2017"]
[Site "masterchessopen.com chess.com INT"]
[Date "2017.02.01"]
[Round "4"]
[White "Tan,Ju2"]
[Black "Csonka,B"]
[Result "0-1"]
[WhiteElo "2451"]
[BlackElo "2414"]

1. e4 e5 2. Nf3 Nc6 3. Bc4 Bc5 4. O-O Nf6 5. d3 O-O 6. h3 d6 7. a4 h6 8. c3 a6
9. Na3 Ne7 10. b4 Ba7 11. Bb3 Ng6 12. Nc4 Be6 13. Na5 Qc8 14. Kh2 d5 15. Qc2
c6 16. Ba2 Nh5 17. Be3 b6 18. Nb3 Nhf4 19. Ng1 c5 20. bxc5 bxc5 21. Nd2 c4 22.
d4 dxe4 23. Nxe4 exd4 24. cxd4 Bb8 25. Kh1 Nxg2 26. Kxg2 Bxh3+ 27. Kh1 Nh4 28.
f3 Bg2+ 29. Qxg2 Nxg2 30. Kxg2 Re8 31. Rac1 Rxe4 32. fxe4 Qg4+ 33. Kf2 Bg3+
34. Kg2 Bf4+ 35. Kf2 Qg3+ {#R} 0-1

[Event "TCh-LTU 2017"]
[Site "masterchessopen.com Lithuania LTU"]
[Date "2017.01.29"]
[Round "2.3"]
[White "Sumskis,R"]
[Black "Klabis,R"]
[Result "0-1"]
[WhiteElo "2092"]
[BlackElo "2252"]

1. e4 e5 2. Nf3 Nc6 3. Bc4 Bc5 4. O-O Nf6 5. d3 a6 6. c3 Ba7 7. Re1 d6 8. h3
Na5 9. Qa4+ Nc6 10. Qd1 h6 11. d4 O-O 12. a4 Re8 13. d5 Ne7 14. Nbd2 Bd7 15.
Nf1 b5 16. Bb3 c6 17. dxc6 Bxc6 18. Ng3 Qc7 19. Nh4 d5 20. exd5 Nexd5 21. Nhf5
Rad8 22. Qc2 bxa4 23. Bxa4 Re6 24. Bxc6 Qxc6 25. Ne4 Nb4 26. Nxf6+ Rxf6 27.
Qb1 Bxf2+ 28. Kh1 Rxf5 29. Qxf5 Bxe1 30. Be3 Nd3 31. Rd1 {#R} 0-1

[Event "TCh-CAT Gp1 2017"]
[Site "masterchessopen.com Barcelona ESP"]
[Date "2017.01.28"]
[Round "2.5"]
[White "Coll Ortega,J"]
[Black "Ezquerro Luque,A"]
[Result "0-1"]
[WhiteElo "2243"]
[BlackElo "2127"]

1. e4 e5 2. Nf3 Nc6 3. Bc4 Bc5 4. O-O d6 5. c3 Nf6 6. d3 a6 7. Nbd2 Na5 8. b4
Nxc4 9. bxc5 Nxd2 10. Qxd2 Bg4 11. Rb1 Rb8 12. d4 Bxf3 13. gxf3 dxc5 14. dxe5
Qxd2 15. Bxd2 Nd7 16. Bf4 g5 17. Bg3 Nf8 18. f4 gxf4 19. Bxf4 Ne6 20. Bg3 Kd7
21. f4 Kc6 22. Kf2 Rbd8 23. Ke3 c4 24. Rbd1 Rxd1 25. Rxd1 Rd8 26. Rxd8 Nxd8
27. f5 b5 28. Kf4 Kd7 29. Kg5 a5 30. Kf6 b4 31. cxb4 axb4 32. Bf4 c3 33. Kg7
c5 34. Be3 c4 35. e6+ fxe6 36. f6 Ke8 37. Bd4 h5 38. a4 c2 39. Be3 b3 40. a5
b2 41. a6 b1=Q 42. a7 Qb7+ 43. Kg6 Qxe4+ 44. Kg7 Qg4+ 45. Kh7 Kf7 {#R} 0-1

[Event "PRO League Eastern 2017"]
[Site "masterchessopen.com chess.com INT"]
[Date "2017.02.01"]
[Round "4"]
[White "Derbenev,A"]
[Black "Hammer,J"]
[Result "0-1"]
[WhiteElo "2376"]
[BlackElo "2628"]

1. e4 e5 2. Nf3 Nc6 3. Bc4 Bc5 4. b4 Bxb4 5. c3 Be7 6. d4 Na5 7. Be2 d6 8.
Qa4+ c6 9. dxe5 dxe5 10. Nxe5 Nf6 11. O-O Qc7 12. Nd3 b5 13. Qc2 Nxe4 14. Bf4
Nd6 15. a4 a6 16. Bf3 Bf5 17. axb5 axb5 18. Qd1 Bxd3 19. Qxd3 O-O 20. Nd2 Rfd8
21. Ne4 Nac4 22. Rxa8 Rxa8 23. Ng5 Bxg5 24. Bxg5 Ne5 25. Qe2 Nxf3+ 26. Qxf3
Re8 27. Bf4 Qd7 28. Rd1 Nc4 29. h3 Qe6 30. Qd3 Nb2 {#R} 0-1

[Event "Gibraltar Masters 2017"]
[Site "masterchessopen.com Caleta ENG"]
[Date "2017.02.02"]
[Round "10.38"]
[White "Antipov,M2"]
[Black "Batchimeg,Tuvshintugs"]
[Result "1-0"]
[WhiteElo "2580"]
[BlackElo "2390"]

1. e4 e5 2. Nf3 Nc6 3. Bc4 Bc5 4. c3 Nf6 5. d3 a6 6. b4 Bb6 7. O-O d6 8. Na3
O-O 9. Bg5 h6 10. Bh4 Qe7 11. Bb3 a5 12. b5 Na7 13. d4 Bg4 14. h3 Bxf3 15.
Qxf3 exd4 16. Rae1 dxc3 17. Nc4 Bd4 18. Qd3 c5 19. Kh1 Rae8 20. f4 Qd7 21. Bc2
d5 22. exd5 Rxe1 23. Rxe1 Re8 24. Ne5 Bxe5 25. fxe5 c4 26. Qxc4 Qxd5 27. Qxc3
Nd7 28. a4 Rc8 29. Qb2 Qc4 30. Be4 Nc5 31. Qc2 Qxc2 32. Bxc2 Ne6 33. Rc1 Nd4
34. b6 Nac6 35. Be4 Re8 36. Bf2 Re6 37. Bxd4 {#r} 1-0

[Event "37th TCh-IND 2017"]
[Site "masterchessopen.com Bhopal IND"]
[Date "2017.02.03"]
[Round "3.4"]
[White "Rathnakaran,K"]
[Black "Thanki,H"]
[Result "0-1"]
[WhiteElo "2407"]
[BlackElo "2135"]

1. e4 e5 2. Nf3 Nc6 3. Bc4 Bc5 4. c3 Nf6 5. d3 O-O 6. Bb3 Re8 7. h3 h6 8. Nbd2
d5 9. Qe2 Be6 10. Bc2 dxe4 11. dxe4 Bf8 12. Nf1 Qd6 13. Be3 Rad8 14. g4 g6 15.
Ng3 Nh7 16. Ba4 Bd7 17. Bc2 a6 18. a4 Be6 19. b4 Nxb4 20. cxb4 Qxb4+ 21. Bd2
Qb2 22. O-O Qxc2 23. Rfc1 Qd3 24. Rxc7 Qxe2 25. Nxe2 b5 26. Be3 b4 27. a5 Nf6
28. Nd2 Rd7 29. Rc2 Rb8 30. Rb1 b3 31. Rc6 {#R} 0-1

[Event "37th TCh-IND 2017"]
[Site "masterchessopen.com Bhopal IND"]
[Date "2017.02.05"]
[Round "5.2"]
[White "Rathnakaran,K"]
[Black "Shyam,SM"]
[Result "0-1"]
[WhiteElo "2407"]
[BlackElo "2554"]

1. e4 e5 2. Nf3 Nc6 3. Bc4 Bc5 4. c3 Nf6 5. d3 O-O 6. Bb3 d5 7. Qe2 a5 8. a4
h6 9. h3 Be6 10. Bc2 Re8 11. Nbd2 Qd7 12. g4 dxe4 13. dxe4 Nh7 14. Nf1 f6 15.
Ng3 Qf7 16. Nh4 Rad8 17. Nhf5 Bc4 18. Qf3 Ng5 19. Bxg5 fxg5 20. h4 Nb4 21. Rc1
Qd7 22. Nf1 Nxc2+ 23. Rxc2 Qxa4 24. Rc1 Qa2 25. Nd2 Rxd2 26. Kxd2 Rd8+ 27. Nd4
exd4 28. Rhd1 Rf8 {#R} 0-1

[Event "Gibraltar Masters 2017"]
[Site "masterchessopen.com Caleta ENG"]
[Date "2017.01.31"]
[Round "8.72"]
[White "Herzwurm,R"]
[Black "Sodoma,J"]
[Result "0-1"]
[WhiteElo "2143"]
[BlackElo "2344"]

1. e4 e5 2. Nf3 Nc6 3. Bc4 Bc5 4. c3 Nf6 5. d3 d6 6. Bb3 a6 7. Nbd2 O-O 8. O-O
Ba7 9. Re1 Nh5 10. Nf1 Qf6 11. h3 Nf4 12. Ng3 Kh8 13. d4 g5 14. Nh2 exd4 15.
e5 Nxe5 16. Ne4 Qg7 17. cxd4 Ned3 18. Bxf4 Nxf4 19. Nf3 g4 20. Nfg5 f6 21.
Nf7+ Rxf7 22. Bxf7 Qxf7 23. hxg4 Be6 24. Qf3 Nd5 25. Re2 Bxd4 26. Rae1 Be5 27.
g3 Rg8 28. Qd3 Bxg4 29. f3 Bf5 30. Rg2 Bxg3 31. Nxd6 cxd6 {#R} 0-1

[Event "Portugal Open 2017"]
[Site "masterchessopen.com Lisbon POR"]
[Date "2017.02.04"]
[Round "2.30"]
[White "Martin Duque,J"]
[Black "Okamura,M"]
[Result "1-0"]
[WhiteElo "2312"]
[BlackElo "2034"]

1. e4 e5 2. Nf3 Nc6 3. Bc4 Bc5 4. c3 Nf6 5. d3 d6 6. O-O O-O 7. a4 a6 8. Na3
h6 9. Nc2 Ba7 10. Be3 Ne7 11. Bxa7 Rxa7 12. Ne3 c6 13. Qc2 Ng4 14. d4 Nxe3 15.
fxe3 Ng6 16. Qf2 Qe8 17. Qg3 Be6 18. Bd3 f6 19. Nd2 Ra8 20. d5 Bf7 21. a5 Qe7
22. b4 Rfd8 23. c4 Nf8 24. Nf3 Bg6 25. Nh4 Bh7 26. Rad1 Rdc8 27. c5 Kh8 28.
Bc4 Rd8 29. cxd6 Rxd6 30. Qg4 Rad8 31. dxc6 Rxd1 32. Rxd1 Rxd1+ 33. Qxd1 Bxe4
34. cxb7 Bxb7 35. Qd2 Qc7 36. Bf1 Ne6 37. Nf5 Nd8 38. Qd6 Qc8 39. Qf8+ {#r}
1-0

[Event "Portugal Open 2017"]
[Site "masterchessopen.com Lisbon POR"]
[Date "2017.02.05"]
[Round "4.24"]
[White "Diogo,V"]
[Black "Okamura,M"]
[Result "1-0"]
[WhiteElo "2241"]
[BlackElo "2034"]

1. e4 e5 2. Nf3 Nc6 3. Bc4 Bc5 4. d3 Nf6 5. c3 d6 6. O-O O-O 7. a4 a6 8. Nbd2
h6 9. h3 Re8 10. Re1 Be6 11. Bxe6 Rxe6 12. Nf1 Ba7 13. Ng3 Re8 14. Qb3 Rb8 15.
Nh4 Ng4 16. hxg4 Qxh4 17. Be3 Bxe3 18. Rxe3 g6 19. Qd1 Nd8 20. Nf1 Ne6 21. Rh3
Qg5 22. g3 Kg7 23. Ne3 c6 24. Qf3 Rbd8 25. Rd1 Qe7 26. Rh2 Rh8 27. a5 Ng5 28.
Qg2 Qf6 29. Kf1 Ne6 30. Ke2 Nc5 31. b4 Ne6 32. Rf1 Rhe8 33. Rfh1 Rh8 34. Rh4
Nc7 35. Qh2 Nb5 36. Rxh6 Rxh6 37. Qxh6+ Kg8 38. Nf5 {#r} 1-0

[Event "PRO League Pacific 2017"]
[Site "masterchessopen.com chess.com INT"]
[Date "2017.02.01"]
[Round "4"]
[White "Mamedov,Rau"]
[Black "Hilby,Craig"]
[Result "1-0"]
[WhiteElo "2688"]
[BlackElo "2334"]

1. e4 e5 2. Nf3 Nc6 3. Bc4 Bc5 4. c3 Nf6 5. d3 d6 6. O-O a6 7. a4 O-O 8. Bg5
h6 9. Bh4 g5 10. Bg3 g4 11. Bh4 gxf3 12. Qxf3 Kg7 13. Nd2 Be6 14. Bd5 Qe7 15.
Kh1 Rg8 16. Rg1 h5 17. h3 Rh8 18. b4 Ba7 19. b5 axb5 20. axb5 Nd8 21. Ra2 c6
22. Bxe6 Nxe6 23. Rga1 b6 24. Rxa7 Rxa7 25. Rxa7 Qxa7 26. Bxf6+ Kg8 27. Bxh8
Kxh8 28. Qxh5+ Kg7 29. bxc6 Qa1+ 30. Kh2 Qxc3 31. Nc4 Qxd3 32. Qg4+ Kf8 33.
Nxb6 Qc2 34. Nd7+ Ke7 35. Qh4+ Ke8 36. Nf6+ Kf8 37. Qh8+ Ke7 38. Nd5# 1-0

[Event "Gibraltar Masters 2017"]
[Site "masterchessopen.com Caleta ENG"]
[Date "2017.01.31"]
[Round "8.82"]
[White "Lazarne Vajda,Szidonia"]
[Black "Veltkamp,G"]
[Result "1-0"]
[WhiteElo "2364"]
[BlackElo "2166"]

1. e4 e5 2. Nf3 Nc6 3. Bc4 Nf6 4. d4 exd4 5. e5 d5 6. Bb5 Ne4 7. Nxd4 Bc5 8.
O-O O-O 9. Bxc6 bxc6 10. Be3 Qe8 11. Nc3 Nxc3 12. bxc3 Bb6 13. Qh5 c5 14. Nf3
Ba6 15. Rfd1 c6 16. a4 f5 17. Qxe8 Rfxe8 18. a5 Bc7 19. Re1 Bxe5 20. Nxe5 Rxe5
21. Bxc5 Re4 22. Rxe4 fxe4 23. f3 exf3 24. gxf3 Re8 25. Bxa7 Re2 26. Rb1 Rxc2
27. Rb6 Bb5 28. Rb8+ Kf7 29. Bd4 g5 30. Rb7+ Kg6 31. Rg7+ Kh6 32. Bf6 c5 33.
Rxg5 Bd3 34. h4 Bg6 35. Rxd5 c4 36. Rg5 Rd2 37. f4 {#r} 1-0

[Event "Gibraltar Masters 2017"]
[Site "masterchessopen.com Caleta ENG"]
[Date "2017.02.02"]
[Round "10.30"]
[White "Muzychuk,A"]
[Black "Zhukova,N"]
[Result "1-0"]
[WhiteElo "2558"]
[BlackElo "2447"]

1. e4 e5 2. Nf3 Nc6 3. Bc4 Nf6 4. d3 h6 5. O-O d6 6. c3 g6 7. Re1 Bg7 8. d4
Qe7 9. Nbd2 O-O 10. b4 exd4 11. cxd4 Nd7 12. e5 dxe5 13. b5 Nd8 14. Qb3 c5 15.
bxc6 Nxc6 16. Ba3 Qd8 17. Bxf8 Qxf8 18. dxe5 Ndxe5 19. Nxe5 Nxe5 20. Bd5 Bf5
21. Ne4 Rd8 22. Rad1 b6 23. h3 Kh7 24. Kh1 Bxe4 25. Bxe4 f5 26. Bd5 h5 27. f4
Nd7 28. Qd3 Bf6 29. Qa6 Kh6 30. Qxa7 Qb4 31. Bg8 Rxg8 32. Qxd7 Rd8 33. Qf7 Bh4
34. Rf1 Rxd1 35. Rxd1 Qxf4 36. Qf8+ Kg5 37. Qd8+ Kh6 38. Qh8+ Kg5 39. Qd8+ Kh6
40. Qxb6 Be7 41. Qd4 Qg3 42. a4 Qb3 43. Re1 Qb7 {#r} 1-0

[Event "4th Floripa Masters 2017"]
[Site "masterchessopen.com Florianopolis BRA"]
[Date "2017.01.31"]
[Round "7.5"]
[White "Rodriguez Vila,A"]
[Black "Perdomo,L"]
[Result "1-0"]
[WhiteElo "2468"]
[BlackElo "2459"]

1. e4 e5 2. Nf3 Nc6 3. Bc4 Nf6 4. d3 Be7 5. O-O O-O 6. Re1 d6 7. a3 Be6 8. Nc3
Bg4 9. h3 Bh5 10. g4 Nxg4 11. hxg4 Bxg4 12. Be3 Kh8 13. Kg2 f5 14. Be6 Bxf3+
15. Qxf3 f4 16. Rh1 Rf6 17. Bf5 g6 18. Nd5 gxf5 19. Nxf6 Bxf6 20. Bd2 Nd4 21.
Qh5 Qg8+ 22. Kf1 fxe4 23. Bc3 e3 24. Bxd4 exd4 25. Ke2 f3+ 26. Qxf3 Qe6 27.
Rh6 exf2+ 28. Qe4 Qxe4+ 29. dxe4 Rf8 30. Rah1 Rf7 31. R6h2 d3+ 32. cxd3 Bxb2
33. Rxf2 Rxf2+ 34. Kxf2 Bxa3 35. Ke3 a5 36. Ra1 Bb4 37. Kf4 Bc3 38. Ra3 Bd2+
39. Kf5 b5 40. d4 a4 41. e5 dxe5 42. dxe5 {#r} 1-0

[Event "PRO League Central 2017"]
[Site "masterchessopen.com chess.com INT"]
[Date "2017.02.01"]
[Round "4"]
[White "Delaney,K"]
[Black "Beerdsen,Thomas"]
[Result "0-1"]
[WhiteElo "2230"]
[BlackElo "2413"]

1. e4 e5 2. Nf3 Nc6 3. Bc4 Nf6 4. d3 h6 5. O-O d6 6. c3 g5 7. b4 a6 8. Qb3 Qe7
9. a4 Be6 10. Nbd2 Bg7 11. d4 exd4 12. cxd4 Bxc4 13. Qxc4 O-O 14. d5 Ne5 15.
Nxe5 dxe5 16. Ba3 Rfd8 17. Rfc1 Rac8 18. b5 Qd7 19. bxa6 bxa6 20. Qxa6 Ra8 21.
Qc6 Rxa4 22. Bb2 Qxc6 23. Rxc6 Rxa1+ 24. Bxa1 Ra8 25. Bxe5 Nxe4 26. Bxg7 Kxg7
27. Nb3 Ra3 28. f3 Nf6 29. Nd4 Nxd5 30. Nf5+ Kf8 31. Rxh6 Ke8 32. Rh8+ Kd7 33.
Rh7 Ra1+ 34. Kf2 Ra2+ 35. Kf1 Ke6 36. Ng7+ Ke5 37. g3 c5 38. h4 c4 39. f4+
gxf4 40. Rh5+ Ke4 41. gxf4 Nxf4 42. Rc5 Ra1+ {#R} 0-1